| 000 | 01546cam a2200325 i 4500 | ||
|---|---|---|---|
| 008 | |||
| 020 | _a9780323402118 (paperback) | ||
| 040 |
_aNUST _cNUST |
||
| 049 | _aMAIN | ||
| 090 |
_aQP34.5 _bPAT |
||
| 100 | 1 |
_aPatton, Kevin T., _eauthor. |
|
| 245 | 1 | 4 |
_aThe human body in health & disease / _cKevin T. Patton and Gary A. Thibodeau. |
| 250 | _aSeventh edition. | ||
| 264 | 1 |
_aSt. Louis, Missouri : _bElsevier, _c2018. |
|
| 300 |
_axxiii, 776 pages : _bcolor illustrations ; _c28 cm. |
||
| 336 |
_atext _2rdacontent |
||
| 337 |
_aunmediated _2rdamedia |
||
| 338 |
_avolume _2rdacarrier |
||
| 500 | _aIncludes index. | ||
| 504 | _aIncludes bibliographical references. | ||
| 505 | 0 | _aIntroduction to the body -- Chemistry of life -- Cells -- Tissue -- Organ systems -- Mechanisms of disease -- Skin and Membranes -- Skeletal system -- Muscular system -- Nervous system -- Senses -- Endocrine system -- Blood -- Heart and heart disease -- Circulation of the blood -- Lymphatic system and immunity -- Respiratory system -- Digestive system -- Nutrition and metabolism -- Urinary system -- Fluid and electrolyte balance -- Acid-base balance -- Reproductive systems -- Growth and development -- Genetics and genetic diseases. | |
| 650 | 1 | 2 | _aPhysiological Phenomena. |
| 650 | 2 | 2 | _aAnatomy. |
| 650 | 2 | 2 | _aPathologic Processes. |
| 700 | 1 |
_aThibodeau, Gary A., _d1938- _eauthor. |
|
| 907 |
_a.b10399513 _b11-01-23 _c04-03-20 |
||
| 003 | |||
| 005 | 20230120204251.0 | ||
| 942 |
_cBOOKS _kQP34.5 _mPAT |
||
| 999 |
_c120124 _d120124 |
||